<?xml version="1.0" encoding="UTF-8"?>
<collection xmlns="http://www.loc.gov/MARC21/slim">
 <record>
  <leader>01075nam a2200253   4500</leader>
  <controlfield tag="001">000023724</controlfield>
  <controlfield tag="003">20177</controlfield>
  <controlfield tag="005">20160115120122.0</controlfield>
  <controlfield tag="008">160115s2015                           sd</controlfield>
  <datafield tag="100" ind1="1" ind2=" ">
   <subfield code="a">Kê Sửu</subfield>
  </datafield>
  <datafield tag="245" ind1="1" ind2="0">
   <subfield code="a">AChât (Sử thi của dân tộc Ta Ôi)</subfield>
   <subfield code="b">Song ngữ Ta Ôi - Việt</subfield>
   <subfield code="c">Kê Sửu</subfield>
  </datafield>
  <datafield tag="260" ind1=" " ind2=" ">
   <subfield code="a">H.</subfield>
   <subfield code="b">Khoa học xã hội</subfield>
   <subfield code="c">2015</subfield>
  </datafield>
  <datafield tag="774" ind1=" " ind2=" ">
   <subfield code="a">Kê Sửu</subfield>
   <subfield code="d">H.</subfield>
   <subfield code="d">Khoa học xã hội</subfield>
   <subfield code="d">2015</subfield>
   <subfield code="g">Q.1</subfield>
   <subfield code="h">550 tr.</subfield>
   <subfield code="n">ĐTTS ghi: Hội Văn nghệ dân gian Việt Nam</subfield>
   <subfield code="t">Achât</subfield>
   <subfield code="w">20178</subfield>
  </datafield>
  <datafield tag="774" ind1=" " ind2=" ">
   <subfield code="a">Kê Sửu</subfield>
   <subfield code="d">H.</subfield>
   <subfield code="d">Khoa học xã hội</subfield>
   <subfield code="d">2015</subfield>
   <subfield code="g">Q.2</subfield>
   <subfield code="h">462 tr.</subfield>
   <subfield code="n">ĐTTS ghi: Hội Văn nghệ dân gian Việt Nam</subfield>
   <subfield code="t">Achât</subfield>
   <subfield code="w">20179</subfield>
  </datafield>
  <datafield tag="OWN" ind1=" " ind2=" ">
   <subfield code="a">LSP</subfield>
  </datafield>
  <datafield tag="AVA" ind1=" " ind2=" ">
   <subfield code="a">UDN50</subfield>
   <subfield code="b">LNN</subfield>
   <subfield code="d">895.922 KE-S</subfield>
   <subfield code="e">available</subfield>
   <subfield code="t">Error 5001 Not defined in file expand_doc_bib_avail.</subfield>
   <subfield code="f">1</subfield>
   <subfield code="g">0</subfield>
   <subfield code="h">N</subfield>
   <subfield code="i">0</subfield>
  </datafield>
  <datafield tag="999" ind1=" " ind2=" ">
   <subfield code="a">From the UDN01</subfield>
  </datafield>
  <datafield tag="AVA" ind1=" " ind2=" ">
   <subfield code="a">UDN50</subfield>
   <subfield code="b">LNN</subfield>
   <subfield code="d">895.922 KE-S</subfield>
   <subfield code="e">available</subfield>
   <subfield code="t">Error 5001 Not defined in file expand_doc_bib_avail.</subfield>
   <subfield code="f">1</subfield>
   <subfield code="g">0</subfield>
   <subfield code="h">N</subfield>
   <subfield code="i">0</subfield>
  </datafield>
  <datafield tag="TYP" ind1=" " ind2=" ">
   <subfield code="a">Monograph</subfield>
  </datafield>
  <datafield tag="TYP" ind1=" " ind2=" ">
   <subfield code="a">Printed language</subfield>
  </datafield>
  <datafield tag="980" ind1=" " ind2=" ">
   <subfield code="a">Mạng thư viện Đại học Đà Nẵng</subfield>
  </datafield>
 </record>
</collection>
